Nomes de Flores - Statistics

Estatísticas Gerais
  • Esse quiz foi jogado 62 vezes
  • A pontuação média é 6 de 26
Estatísticas das Respostas
Imagem Resposta % Correto
Girassol
95%
Rosa
90%
Margarida
81%
Orquídea
52%
Ipê Amarelo
48%
Tulipa
40%
Lírio
38%
Flor de Lótus
29%
Dália
24%
Hortênsia
24%
Bromélia
17%
Papoula
17%
Violeta
17%
Jasmin
10%
Narciso
10%
Camélia
5%
Kalanchoê
5%
Angélica
2%
Edelvais
2%
Quaresmeira
2%
Solidago
2%
Urze
2%
Wisteria
2%
Xanana
2%
Yucca
2%
Zabumba
2%
Nenhum quiz correspondente encontrado
Distribuição das Pontuações
Porcentagem de Pessoas com Cada Pontuação
Percentil de Números Respondidos
Sua Pontuação Histórica
Você não jogou esse quiz